MARC details
| 000 -LEADER |
| fixed length control field |
00967cam a2200265Ia 4500 |
| 001 - CONTROL NUMBER |
| control field |
u18281 |
| 003 - CONTROL NUMBER IDENTIFIER |
| control field |
SIRSI |
| 008 - FIXED-LENGTH DATA ELEMENTS--GENERAL INFORMATION |
| fixed length control field |
070327s2005 it a 000 0 eng d |
| 020 ## - INTERNATIONAL STANDARD BOOK NUMBER |
| International Standard Book Number |
9241563109 |
| 020 ## - INTERNATIONAL STANDARD BOOK NUMBER |
| International Standard Book Number |
9251054231 |
| 040 ## - CATALOGING SOURCE |
| Original cataloging agency |
EAL |
| 050 ## - LIBRARY OF CONGRESS CALL NUMBER |
| Classification number |
ORG QR115 |
| Item number |
M52 no.8 |
| 245 00 - TITLE STATEMENT |
| Title |
Risk assessment of vibrio vulnificus in raw oysters: |
| Remainder of title |
Interpretative summary and technical report. |
| 260 ## - PUBLICATION, DISTRIBUTION, ETC. |
| Place of publication, distribution, etc. |
Rome: |
| Name of publisher, distributor, etc. |
Food and Agriculture Organization of the United Nations; |
| Place of publication, distribution, etc. |
Geneva, Switzerland : |
| Name of publisher, distributor, etc. |
World Health Organization, |
| Date of publication, distribution, etc. |
2004. |
| 300 ## - PHYSICAL DESCRIPTION |
| Extent |
xvii,114p.: |
| Other physical details |
ill.; |
| Dimensions |
24 cm. |
| 440 #0 - SERIES STATEMENT/ADDED ENTRY--TITLE |
| Title |
Microbiological risk assessment series; |
| Volume/sequential designation |
8. |
| 504 ## - BIBLIOGRAPHY, ETC. NOTE |
| Bibliography, etc. note |
Includes bibliographical references. |
| 596 ## - |
| -- |
1 |
| 650 #0 - SUBJECT ADDED ENTRY--TOPICAL TERM |
| Topical term or geographic name entry element |
Vibrio vulnificus. |
| 650 #0 - SUBJECT ADDED ENTRY--TOPICAL TERM |
| Topical term or geographic name entry element |
Oysters |
| General subdivision |
Diseases. |
| 650 #0 - SUBJECT ADDED ENTRY--TOPICAL TERM |
| Topical term or geographic name entry element |
Risk assessment. |
| 710 20 - ADDED ENTRY--CORPORATE NAME |
| Corporate name or jurisdiction name as entry element |
World Health Organization. |
| 710 20 - ADDED ENTRY--CORPORATE NAME |
| Corporate name or jurisdiction name as entry element |
Food and Agriculture Organization of the United Nations. |
| 942 ## - ADDED ENTRY ELEMENTS (KOHA) |
| Koha item type |
Books |
| Source of classification or shelving scheme |
Library of Congress Classification |